000
00306nam a22001337a 4500
008
170615b xxu||||| |||| 00| 0 eng d
020
_a
0876265069
041
_a
eng
080
_a
327
100
_a
19
101
_a
SHP
245
_a
THE LOGICOF INTERNATIONAL RELATIONS
_c
ROSEN.S.J
942
_2
udc
_c
BK
999
_c
17628
_d
17628